[Event "Tirol Landesliga 2223"]
[Site "Austria"]
[Date "2023.02.12"]
[Round "6.4"]
[White "Berchtold, Clemens"]
[Black "Frese, Daniel"]
[Result "1/2-1/2"]
[WhiteElo "2032"]
[BlackElo "2083"]
[PlyCount "48"]
[EventDate "2022.10.01"]
[EventType "team-tourn"]
[EventRounds "9"]
[EventCountry "AUT"]
[SourceTitle "EXT 2024"]
[Source "ChessBase"]
[SourceDate "2023.10.10"]
[SourceVersion "1"]
[SourceVersionDate "2023.10.10"]
[SourceQuality "1"]
[WhiteTeam "Hall/Mils"]
[BlackTeam "Schach ohne Grenzen"]
[WhiteTeamCountry "AUT"]
[BlackTeamCountry "AUT"]

1. Nf3 Nf6 2. c4 g6 3. Nc3 d5 4. d4 Bg7 5. Bg5 Ne4 6. Bh4 Nxc3 7. bxc3 c5 8. cxd5 cxd4 9. cxd4 Qxd5 10. e3 Nc6 11. Be2 e5 12. dxe5 Qa5+ 13. Qd2 Qxd2+ 14. Kxd2 Nxe5 15. Nxe5 Bxe5 16. Bb5+ Bd7 17. Rab1 b6 18. Rhc1 Bd6 19. Bf6 Rg8 20. a4 Bc5 21. Bd4 Bd6 22. Bf6 Bc5 23. Bd4 Bd6 24. Bf6 Bc5 1/2-1/2

[Event "Tirol Landesliga 2223"]
[Site "Austria"]
[Date "2022.10.02"]
[Round "2.4"]
[White "Berchtold, Clemens"]
[Black "Hoellrigl, Wilfried"]
[Result "0-1"]
[WhiteElo "2032"]
[BlackElo "2163"]
[PlyCount "56"]
[EventDate "2022.10.01"]
[EventType "team-tourn"]
[EventRounds "9"]
[EventCountry "AUT"]
[SourceTitle "EXT 2024"]
[Source "ChessBase"]
[SourceDate "2023.10.10"]
[SourceVersion "1"]
[SourceVersionDate "2023.10.10"]
[SourceQuality "1"]
[WhiteTeam "Hall/Mils"]
[BlackTeam "Jenbach"]
[WhiteTeamCountry "AUT"]
[BlackTeamCountry "AUT"]

1. Nf3 Nf6 2. c4 g6 3. Nc3 c5 4. g3 Bg7 5. Bg2 Nc6 6. d4 cxd4 7. Nxd4 0-0 8. 0-0 d6 9. Nxc6 bxc6 10. Bxc6 Rb8 11. Bg2 Qa5 12. Qc2 Bb7 13. Bd2 Bxg2 14. Kxg2 Rfc8 15. b3 d5 16. Na4 Qa6 17. c5 Ne4 18. Bf4 e5 19. Be3 Nf6 20. Bg5 Ne4 21. Be3 h6 22. Rac1 Qc6 23. f3 Nf6 24. Rfd1 d4 25. Bf2 Nd5 26. Qd2 h5 27. e3 Bh6 28. Qd3 Nxe3+ 0-1

[Event "AUT-chT2W 2021"]
[Site "Austria"]
[Date "2020.10.10"]
[Round "2.5"]
[White "Kruckenhauser, Arthur"]
[Black "Berchtold, Clemens"]
[Result "1-0"]
[WhiteElo "2233"]
[BlackElo "2035"]
[PlyCount "65"]
[EventDate "2020.10.09"]
[EventType "team-tourn"]
[EventRounds "11"]
[EventCountry "AUT"]
[SourceTitle "CBM 199 Extra"]
[Source "ChessBase"]
[SourceDate "2021.01.31"]
[SourceVersion "1"]
[SourceVersionDate "2021.01.31"]
[SourceQuality "1"]
[WhiteTeam "Schach ohne Grenzen"]
[BlackTeam "Rochade Rum"]
[WhiteTeamCountry "AUT"]
[BlackTeamCountry "AUT"]

1. e4 e5 2. Nf3 Nf6 3. Nc3 d6 4. d4 Nbd7 5. g4 g6 6. g5 Nh5 7. Be3 c6 8. Qd2 Be7 9. 0-0-0 a6 10. h4 Qc7 11. Bh3 Nb6 12. dxe5 Nc4 13. Qd4 Nxe5 14. Bxc8 Rxc8 15. Nh2 Ng7 16. b3 Qa5 17. f4 Ne6 18. Qd2 Nd7 19. Kb1 f5 20. gxf6 Nxf6 21. Nf3 d5 22. Nxd5 Qxd2 23. Nxf6+ Bxf6 24. Rxd2 Rd8 25. Rxd8+ Kxd8 26. h5 Rg8 27. Rg1 Rg7 28. hxg6 hxg6 29. c4 Nf8 30. e5 Be7 31. f5 Rf7 32. f6 Bb4 33. Ng5 1-0

[Event "AUT-chT2W 2021"]
[Site "Austria"]
[Date "2020.10.09"]
[Round "1.4"]
[White "Platzgummer, Fabian"]
[Black "Berchtold, Clemens"]
[Result "1-0"]
[WhiteElo "2336"]
[BlackElo "2035"]
[PlyCount "47"]
[EventDate "2020.10.09"]
[EventType "team-tourn"]
[EventRounds "11"]
[EventCountry "AUT"]
[SourceTitle "CBM 199 Extra"]
[Source "ChessBase"]
[SourceDate "2021.01.31"]
[SourceVersion "1"]
[SourceVersionDate "2021.01.31"]
[SourceQuality "1"]
[WhiteTeam "Mayrhofen/Zillertal"]
[BlackTeam "Rochade Rum"]
[WhiteTeamCountry "AUT"]
[BlackTeamCountry "AUT"]

1. Nf3 Nf6 2. c4 e6 3. g3 d5 4. Bg2 Be7 5. 0-0 0-0 6. d4 Nbd7 7. Qc2 c6 8. Nbd2 b6 9. e4 Bb7 10. e5 Ne8 11. cxd5 cxd5 12. Rd1 Rc8 13. Qb3 Nc7 14. Nf1 a5 15. h4 Ba6 16. Bg5 b5 17. Qc2 h6 18. Bxe7 Qxe7 19. g4 g6 20. Qd2 Kg7 21. Qxa5 b4 22. Rdc1 Nb8 23. Rc5 Nb5 24. Rxb5 1-0

[Event "AUT-chT2W 1819"]
[Site "Austria"]
[Date "2018.12.09"]
[Round "5.5"]
[White "Berchtold, Clemens"]
[Black "Bezler, Rainer"]
[Result "1/2-1/2"]
[WhiteElo "2024"]
[BlackElo "2207"]
[PlyCount "52"]
[EventDate "2018.10.12"]
[EventType "team-tourn"]
[EventRounds "11"]
[EventCountry "AUT"]
[SourceTitle "CBM 189 Extra"]
[Source "ChessBase"]
[SourceDate "2019.06.03"]
[SourceVersion "1"]
[SourceVersionDate "2019.06.03"]
[SourceQuality "1"]
[WhiteTeam "Rochade Rum"]
[BlackTeam "Bregenz"]
[WhiteTeamCountry "AUT"]
[BlackTeamCountry "AUT"]

1. d4 d5 2. c4 c6 3. Nc3 Nf6 4. e3 Bf5 5. Nf3 e6 6. Nh4 Bg4 7. Qb3 Qc7 8. h3 Bh5 9. g4 Bg6 10. Nxg6 hxg6 11. Bg2 Nbd7 12. Bd2 Bd6 13. 0-0-0 0-0-0 14. Kb1 Kb8 15. Rc1 dxc4 16. Qxc4 Nb6 17. Qb3 Qe7 18. Na4 Nxa4 19. Qxa4 Nd5 20. Qb3 Rc8 21. Bf1 f5 22. Be2 Qh4 23. Be1 Qe7 24. Bd2 Qh4 25. Be1 Qe7 26. Bd2 Qh4 1/2-1/2

[Event "AUT-ch"]
[Site "Jenbach"]
[Date "2009.07.30"]
[Round "6"]
[White "Bozinovic, Boban"]
[Black "Berchtold, Clemens"]
[Result "1/2-1/2"]
[WhiteElo "2114"]
[BlackElo "2057"]
[PlyCount "77"]
[EventDate "2009.07.25"]
[EventType "swiss"]
[EventRounds "9"]
[EventCountry "AUT"]
[SourceTitle "CBM 131 Extra"]
[Source "ChessBase"]
[SourceDate "2009.09.03"]
[SourceVersion "2"]
[SourceVersionDate "2009.09.16"]
[SourceQuality "1"]

1. d4 d5 2. Nf3 Nf6 3. Bf4 c5 4. c3 Qb6 5. Qb3 Nc6 6. e3 c4 7. Qc2 Bf5 8. Qc1 e6 9. Be2 h6 10. 0-0 Be7 11. Nbd2 Qd8 12. b3 b5 13. Ne5 Nxe5 14. Bxe5 0-0 15. f3 Bg6 16. Re1 Qb6 17. Bf1 Rfc8 18. b4 Nd7 19. Bg3 Bf6 20. Bf2 e5 21. Qd1 exd4 22. exd4 Bg5 23. Be3 Bxe3+ 24. Rxe3 Nf6 25. g3 Re8 26. Qe1 Rxe3 27. Qxe3 Re8 28. Qf2 a5 29. a3 Bd3 30. Re1 Bxf1 31. Rxe8+ Nxe8 32. Nxf1 a4 33. Qe2 Qe6 34. Kf2 Qxe2+ 35. Kxe2 Kf8 36. Ne3 Nc7 37. Nf5 h5 38. Ke3 f6 39. Ke2 1/2-1/2

[Event "AUT-ch"]
[Site "Jenbach"]
[Date "2009.07.27"]
[Round "3"]
[White "Berchtold, Clemens"]
[Black "Teuschler, Alois"]
[Result "1/2-1/2"]
[WhiteElo "2057"]
[BlackElo "2007"]
[PlyCount "88"]
[EventDate "2009.07.25"]
[EventType "swiss"]
[EventRounds "9"]
[EventCountry "AUT"]
[SourceTitle "CBM 131 Extra"]
[Source "ChessBase"]
[SourceDate "2009.09.03"]
[SourceVersion "2"]
[SourceVersionDate "2009.09.16"]
[SourceQuality "1"]

1. d4 d6 2. c4 Nf6 3. Nc3 Nbd7 4. e4 e5 5. Nf3 c6 6. Be2 Be7 7. 0-0 Qc7 8. d5 0-0 9. Rb1 Re8 10. b4 a6 11. h3 Nf8 12. Be3 Ng6 13. Re1 Bf8 14. Bf1 Qe7 15. Nd2 Nf4 16. Kh2 g6 17. g3 N4h5 18. Bg2 Nd7 19. Nb3 Qf6 20. dxc6 bxc6 21. Na5 d5 22. cxd5 c5 23. bxc5 Bxc5 24. Qf3 Qg7 25. Nc4 a5 26. Bxc5 Nxc5 27. Nb6 Rb8 28. Nxc8 Rexc8 29. Rxb8 Rxb8 30. Rb1 Rxb1 31. Nxb1 Qf8 32. Qa3 f5 33. Nd2 a4 34. Qe3 f4 35. gxf4 Nxf4 36. Nc4 Nfd3 37. f3 Qb8 38. Bf1 Qb1 39. Bxd3 Nxd3 40. Qb6 Qxa2+ 41. Kg3 Qxc4 42. Qd8+ Kg7 43. Qe7+ Kg8 44. Qe8+ Kg7 1/2-1/2